000
00294nam a2200097Ia 4500
008
220204s9999 xx 000 0 und d
082
_a
340
_b
SWA;3
245
0
_a
Swamy's compilation of the fundamental rules and the supplementary rules. Pt 1 and 2
260
_a
New Delhi
_b
Swamy
_c
1962
942
_c
BK
999
_c
19263
_d
19263